000 00647nam a2200145Ia 4500
008 100122s9999 xx 000 0 und d
082 _b29014
_a706.5479
100 _aलेले रा के
245 _aमुंबई मराठी ग्रंथसंग्रहालय 1898-1973
260 _bमुंुबई मराठी संशोधक मंडळ मु.म.ग्र.सं.
_c1905
300 _a276
630 _aमुंबई मराठी ग्रंथसंग्रहालय 1898-1973
730 _aमुंबई मराठी ग्रंथसंग्रहालय 1898-1973
942 _cBOOK
999 _c414490
_d414487